TARZAN TRIUNFANTE /

TRADUCCION DE: TARZAN TRIUMPHANT

Պահպանված է:
Մատենագիտական մանրամասներ
Հիմնական հեղինակ: Burroughs, Edgar Rice (autor)
Ձևաչափ: Գիրք
Շարք:JOYAS DE BOLSILLO ; 240
Խորագրեր:
Ցուցիչներ: Ավելացրեք ցուցիչ
Չկան պիտակներ, Եղեք առաջինը, ով նշում է այս գրառումը!

MARC

LEADER 00000nam^a2200000^a^4500
001 000244140
005 20250521000000.0
009 20260310105405.247
035 |a 068148 
037 |a Acervo Xavier Clavigero 
082 |a 813. 5  |b BUR 
100 |a Burroughs, Edgar Rice  |e (autor) 
245 1 0 |a TARZAN TRIUNFANTE /  |c EDGAR RICE BURROUGHS ; TR. JUAN UTIRLLA 
264 |a MEXICO :  |b NOVARO,  |c 1965 
300 |a 253 p. 
336 |a texto  |b txt  |2 rdacontenido 
337 |a sin mediación  |b n  |2 rdamedio 
338 |a volumen  |b nc  |2 rdasoporte 
440 |a JOYAS DE BOLSILLO ;  |v 240 
520 |a TRADUCCION DE: TARZAN TRIUMPHANT 
649 |a XX 
650 |a Novela Norteamericana 
650 |a Literatura Norteamericana -  |y Siglo XX 
910 |a Fondo General 
920 |a Impresos - Libros 
930 |a Colección General 
940 |a Literatura 
905 |a 101 
901 |a 068148  |b IT1  |c LIT  |i 068148  |u 20250521 
902 |a https://opac.biblio.iteso.mx/vufind/Record/000244140